2000 1065 1049 1608 1580 1718 1786 1699 1265 1693 1943 1133 1250 1073 1242 1473 1108 1933 1170 1651 1859 1431 1269 1583 1455 1950 1286 1061 1313 1307 1702 1797 1319 1969 1270 1239 1990 1773 1800 1793 1631 1653 1826 1453 1850 1695 1541 1362 1221 1349 1951 1620 1259 1198 1748 1314 1734 1296 1682 1699 1510 1083 1886 1910 1776 1598 1848 1665 1609 1166 1855 1735 1448 1147 1780 1662 1240 1340 1190 1231 1509 1692 1046 1463 1220 1011 1109 1662 1778 1688 1656 1847 1095 1021 1436 1250 1082 1300 1298 BCNSPRNW ULIB Ver.6.0+V

เปลี่ยนเป็นภาษาไทย

Change to English
 แสดงรายละเอียดบรรณานุกรม
  กลับหน้าหลัก

Brief Record : Get Marc (ISO 2709) : E-mail record : QR code < ปิดหน้าต่าง
LEADER : 00000nam 2200000uu 4500
001    13399120717
003     ULIB
008    121005s2550||||th 000 0 tha d
020    ^a9789743415029
050  4 ^aBF637^bว522ว
100 0  ^aวิจิตรวาทการ,^cพลตรี หลวง
245 10 ^aวิชชาแปดประการ /^cโดย พลตรี หลวงวิจิตรวาทการ
250    ^aพิมพ์ครั้งที่ 4
260    ^aกรุงเทพฯ :^bสร้างสรรค์บุ๊คส์,^c2550
300    ^a(25), 126 หน้า :^bภาพประกอบ ;^c20 ซม.
650  7 ^aพุทธศาสนา
650  7 ^aพุทธศาสนากับจิตวิทยา
945    ^p115^l0^i16609
995    ^aทศพร
999    ^aทศพร เกษรทอง
รายการนี้ยังไม่มีแท็ก
คุณยังไม่ได้ล็อกอิน คุณสามารถมีกิจกรรมร่วมกับเว็บไซต์ได้ แต่ต้องล็อกอินก่อน ::
  ล็อกอิน

รายการสื่อสารสนเทศ

ลำดับที่ ประเภท เลขเรียก/บาร์โค้ด สถานที่ สถานะ
1. วิทยาศาสตร์การแพทย์ และสุขภาพ
วิทยาศาสตร์การแพทย์ และสุขภาพ
BF637 ว522ว ฉ.1 
  Barcode: 16609
ห้องสมุดวิทยาเขตสวรรค์ประชารักษ์
►หนังสือทั่วไป
บนชั้น

รายการใกล้เคียง
    หัวเรื่อง [พุทธศาสนา]
    หัวเรื่อง [พุทธศาสนากับจิตวิทยา]

BibComment


ยังไม่เคยถูกคอมเมนท์

คอมเมนท์ทรัพยากรรายการนี้
  คอมเมนท์: วิชชาแปดประการ ..


 Copyright 2026. Bcnsprnw @Library